000 00350nam a2200145Ia 4500
008 221030s9999 xx 000 0 und d
041 _aEnglish
082 _a105.23
100 _aB. D. Arora
245 0 _aElectrical Wiring Estimating & Costing
_cby B. D. Arora, S. L. Uppal
260 _c0
650 _aB
700 _aS. L. Uppal
942 _cBK
999 _c13112
_d13112